000 01260nam a2200313 c 4500
999 _c24080
_d24080
003 BLK
005 20221012153816.0
008 180413b bul|||||r ||||||| ||bul||
010 _aKNG00026582000
020 _a963-03-4855-1
040 _aBLK
041 _aBUL
_cBUL
080 _aОбщ отдел
_b0
_x(497.2)(047.53)(092)
_z0(497.2)(047.53)(092)
080 _aБиографии
_b929
_x(497.2)
_z929(497.2)
100 1 _aДинолова, Диана
_eпърви автор
_9267451
139 _aДинолова, Диана и др.
_bД 62
245 1 0 _aБългарски портрети
_b28 интервюта с българи от Унгария
_cДиана Динолова; съавт. Адриана Петкова; съавт. Райна Симеонова.
257 _aBGR
260 _bБълг. републ. самоуправление
_c1998
300 _a248 с.
_c21 см
380 _a0
700 1 _aПеткова, Адриана
_9377848
700 1 _aСимеонова, Райна
_eсъавт.
_9267453
852 _aЦб 313002
_bО
856 4 _qpdf
_u
856 4 _qpdf
_u
942 _cKNG
_n0
_s1
944 _aCR
_c07.04.2003
_kAB_DOS
944 _aED
_c07.04.2003
999 _d24080